Statistics for NBA - Greatest Possible Lineups

Click here to take the quiz!

General Stats

  • This quiz has been taken 247 times
    (49 since last reset)
  • The average score is 100 of 150

Answer Stats

TeamsPosPlayers% Correct
SFLeBron James
98%
SFKevin Durant
95%
SGDwyane Wade
93%
SGKobe Bryant
93%
SGMichael Jordan
93%
SFScottie Pippen
93%
CKareem Abdul-Jabbar
91%
SFLarry Bird
91%
C | PFShaquille O'Neal
91%
CBill Russell
89%
PFChris Bosh
89%
Los Angeles Clippers | New Orleans PelicansPGChris Paul
89%
PFDirk Nowitzki
89%
SFDominique Wilkins
89%
PFGiannis Antetokounmpo
89%
SGJames Harden
89%
PFKevin Garnett
89%
Atlanta HawksPGLenny Wilkens
89%
CWilt Chamberlain
89%
CDavid Robinson
86%
PFDavid West
86%
SGDell Curry
86%
SFJulius Erving
86%
PFKarl Malone
86%
PFMoses Malone
86%
SFPaul George
86%
Golden State WarriorsPGStephen Curry
86%
Chicago BullsPGDerrick Rose
84%
CHakeem Olajuwon
84%
Detroit PistonsPGIsiah Thomas
84%
SFKawhi Leonard
84%
Los Angeles LakersPGMagic Johnson
84%
CMarc Gasol
84%
PFTim Duncan
84%
Portland TrailblazersPGDamian Lillard
82%
PFDennis Rodman
82%
Brooklyn Nets | Dallas MavericksPGJason Kidd
82%
Utah JazzPGJohn Stockton
82%
PFKevin McHale
82%
Milwaukee Bucks | Sacramento KingsPGOscar Robertson
82%
Phoenix SunsPGSteve Nash
82%
San Antonio SpursPGTony Parker
82%
SGAustin Carr
80%
SFCarmelo Anthony
80%
CPatrick Ewing
80%
SGRay Allen
80%
SF | SGVince Carter
80%
SGAllen Iverson
77%
CAnthony Davis
77%
PFBlake Griffin
77%
Oklahoma City Thunder/SupersonicsPGGary Payton
77%
CKarl-Anthony Towns
77%
Orlando MagicPGPenny Hardaway
77%
SGReggie Miller
77%
Miami HeatPGTim Hardaway
77%
Boston CelticsPGBob Cousy
75%
CDikembe Mutombo
75%
PFDwight Howard
75%
Charlotte HornetsPGKemba Walker
75%
CBill Walton
73%
PFBob Pettit
73%
CBrook Lopez
73%
SFGus Johnson
73%
Toronto RaptorsPGKyle Lowry
73%
PFLarry Johnson
73%
SFAlex English
70%
CAlonzo Mourning
70%
SF | SGClyde Drexler
70%
SGTracy McGrady
70%
PFWes Unseld
70%
CBen Wallace
68%
PFCharles Barkley
68%
SGDevin Booker
66%
New York KnicksPGWalt Frazier
66%
SGGeorge Gervin
64%
Cleveland CavaliersPGMark Price
64%
PFShawn Kemp
64%
CAmar'e Stoudemire
61%
PFChris Webber
61%
SGJoe Dumars
61%
Memphis GrizzliesPGMike Conley
61%
SFRick Barry
61%
CElvin Hayes
57%
CBob McAdoo
55%
PFBuck Williams
55%
PFJohn Williams
55%
SGPete Maravich
55%
PFZach Randolph
55%
SFGrant Hill
52%
PFWillis Reed
52%
Denver NuggetsPGChauncey Billups
48%
SFShawn Marion
48%
CArtis Gilmore
45%
Indiana PacersPGMark Jackson
43%
CBrad Daugherty
41%
SGJason Terry
41%
PFLaMarcus Aldridge
41%
SFPeja Stojaković
41%
SFGlen Rice
39%
CMark Eaton
39%
CRik Smits
36%
SFAdrian Dantley
34%
CVlade Divac
34%
Philadelphia 76ersPGHal Greer
32%
SFSam Mitchell
32%
SGBernard King
30%
Minnesota TimberwolvesPGSam Cassell
27%
Washington WizardsPGEarl Monroe
25%
CJack Sikma
25%
PFRalph Sampson
25%
PFNate Thurmond
23%
SFMichael Finley
20%
SGMitch Richmond
18%
SGNate Archibald
18%
PFDan Issel
16%
Houston RocketsPGCalvin Murphy
14%
SGEric Gordon
14%
SFJamal Mashburn
14%
CSam Perkins
14%
SGJamal Crawford
11%
SFBob Dandridge
7%
SGIsaiah Rider
2%
PFGeorge McGinnis
0%
SFShane Battier
0%

Score Distribution

Percentile by Number Answered

Percent of People with Each Score

Your Score History

You have not taken this quiz since the last reset